000 00417nam a2200157 4500
001 117649
003 ES-MaACL
005 20230906190938.0
007 t|
008 070214s1914 fr r ||||1| fre d
100 1 _aPercin, General.
_990413
245 1 3 _aLe combat /
_cpar General Percin.
260 _a[S.l.] :
_bEvreux Ch. Herissey,
_c1914.
300 _a301 p. ;
_c18 cm +
_e1 map.
852 _aES-MaACL
_jD-1033
999 _c117649
_d117649